00642cam a2200205Ka 4500020001500000020001800015020002300033020002600056040000800082082002600090245003600116260010100152300003200253650001800285650002500303650002200328650002500350650002000375710004100395 a0195077733 a9780195077735 a0195077725 (paper) a9780195077728 (paper) cBYU04a338 OXF 1992 A075 Or.00aHuman development report 1992 / aNew York :b[Oxford University Press] for the United Nations Development Programme (UNDP),c1992 aix, 216 p. :bill. ;c28 cm 0aHuman capital 0aEconomic development12aHuman Development12aDeveloping Countries 0aManpower policy2 aUnited Nations Development Programme